Knowledge, power and educational reform: applying the sociology of Basil Bernstein

Salvato in:
Dettagli Bibliografici
Autori principali: Moore, Rob (autor), Arnot, Madeleine (Autore), Beck, John (Autore), Daniels, Harry (Autore)
Natura: Libro
Lingua:spagnolo
Pubblicazione: Nueva York Routledge 2006
Edizione:1a. ed
Soggetti:
Tags: Aggiungi Tag
Nessun Tag, puoi essere il primo ad aggiungerne!!

MARC

LEADER 00000nam a2200000 a 4500
001 UCI7371
003 CL-VaPUC
008 080626e20060000US |||||||||||||||||spa|d
020 |a 0415379148 
082 0 4 |a 306.43  |b MOO  |2 21 
100 |a Moore, Rob  |e autor  |9 530574 
700 0 |a Arnot, Madeleine  |e author  |9 530575 
700 0 |a Beck, John  |e author  |9 530576 
700 0 |a Daniels, Harry  |e author  |9 530577 
245 1 0 |a Knowledge, power and educational reform: applying the sociology of Basil Bernstein 
250 |a 1a. ed 
300 |a 247 p 
942 |c BK 
945 |d 20080626 00:00:00  |a jtorresc 
260 |a Nueva York  |b Routledge  |c 2006 
650 0 |a Sociología de la educación   |9 260380 
650 0 |a Pedagogía crítica   |9 468400 
583 |a last modification  |c 20080626 00:00:00  |k Rodrigo Vera 
999 |c 330666  |d 330664 
952 |0 0  |1 0  |4 0  |6 306_430000000000000_MOO_2006  |7 0  |8 A  |9 416349  |a FDOPOS  |b FDOPOS  |d 2019-11-22  |i 4452836  |o 306.43 MOO 2006  |p 4452836  |r 2025-01-22  |w 2019-11-22  |y BK  |k MLA